000 00993cam a2200313 a 4500
999 _c4792
_d4792
001 3453732
003 GBCCL
005 20241126110527.0
008 920108s1991 nyua j 000 0 eng
010 _a 92101816
020 _a0800754050 (pbk.)
040 _aDLC
_cDLC
_dDLC
042 _alcac
050 0 0 _aBV4571.2
_b.C365 1991
082 0 0 _a248.82
_220
_bCAR
100 1 _aCarney, Mary Lou,
_d1949-
_98747
245 1 0 _aMake a wish /
_cMary Lou Carney.
260 _aTarrytown, N.Y. :
_bF.H. Revell,
_cc1988.
300 _a144 p. :
_bill. ;
_c23 cm.
490 1 _aA Faith 'n stuff book
650 0 _aChildren
_xReligious life.
_92307
650 0 _aChildren
_xConduct of life.
_96193
650 1 _aConduct of life.
_9524
650 1 _aChristian life.
_9183
800 1 _aCarney, Mary Lou,
_d1949-
_tFaith 'n stuff.
_98748
906 _a7
_bcbc
_corignew
_d3
_encip
_f19
_gy-gencatlg
942 _2ddc
_cBK